Načítá se...

Strength of materials

Podrobná bibliografie
Hlavní autor: Surendra, Singh
Médium: Printed Book
Jazyk:Undetermined
English
Vydáno: New Delhi Vikas publishing house Pvt Ltd 1979
Témata:
LEADER 00544nam a2200169Ia 4500
008 140306s9999 xx 000 0 und d
041 |a eng 
082 |a 620  |b STR/SU 
100 |a Surendra, Singh 
245 |a Strength of materials 
260 |a New Delhi  |b Vikas publishing house Pvt Ltd  |c 1979 
300 |a 698 
365 |b Rs.232 
650 |a Engineering 
942 |2 ddc  |c BK 
999 |c 112526  |d 112526 
952 |0 0  |1 0  |2 ddc  |4 0  |6 620_000000000000000_STRSU  |7 0  |9 110299  |a KAUHCV  |b KAUHCV  |d 2004-04-06  |g 232.00  |o 620 STR/SU  |p KAU_HCV-9224  |r 2014-03-22  |w 2014-03-22  |y BK